Osoby povinné platiť daň správcovi dane podľa zákona o DPH v roku 2015
Špecifikovanie takých platiteľov, ktorí dodávajú tovar alebo službu v tuzemsku a sú povinný platiť daň. Zdaniteľná osoba so sídlom, miestom podnikania, prevádzkarňou alebo bydliskom v tuzemsku, ktorá nesplnila povinnosť podať žiadosť o registráciu pre daň alebo podala žiadosť o registráciu pre daň v...
Enregistré dans:
| Auteur principal: | |
|---|---|
| Format: | Chapitre de livre |
| Langue: | slovaque |
| Sujets: | |
| Tags: |
Pas de tags, Soyez le premier à ajouter un tag!
|
MARC
| LEADER | 00000nla a2200000 4500 | ||
|---|---|---|---|
| 001 | 0206939 | ||
| 005 | 20240502073433.9 | ||
| 041 | 0 | |a slo | |
| 044 | |a SK | ||
| 245 | 1 | 0 | |a Osoby povinné platiť daň správcovi dane podľa zákona o DPH v roku 2015 |c Juraj Válek |
| 520 | |a Špecifikovanie takých platiteľov, ktorí dodávajú tovar alebo službu v tuzemsku a sú povinný platiť daň. Zdaniteľná osoba so sídlom, miestom podnikania, prevádzkarňou alebo bydliskom v tuzemsku, ktorá nesplnila povinnosť podať žiadosť o registráciu pre daň alebo podala žiadosť o registráciu pre daň v zdaňovacom období oneskorene. | ||
| 610 | 2 | 0 | |a dane z hodnoty pridanej |
| 610 | 2 | 0 | |a povinnosť daňová |
| 610 | 2 | 0 | |a rezidenti |
| 610 | 2 | 0 | |a predpisy daňové |
| 610 | 2 | 0 | |a priznania daňové |
| 610 | 2 | 0 | |a obdobie zdaňovacie |
| 100 | 1 | |a Válek, Juraj, 1981- | |